000
00313nam a2200133Ia 4500
008
210210b1982 xxu||||| |||| 00| 0 eng d
082
_a
813.54 WALA
100
_a
WALLACE (Irving).
245
_a
Almighty.
260
_a
N Y
_b
A Dell Book
_c
1982
300
_a
431
690
_a
American Literature
906
_a
045055
999
_c
94402
_d
94402